[Event "Mittelfranken-chTB2b 1112"]
[Site "Germany"]
[Date "2011.10.23"]
[Round "2.8"]
[White "Niebler, Andreas"]
[Black "Woydig, Sieghard"]
[Result "1/2-1/2"]
[WhiteElo "1785"]
[BlackElo "1591"]
[PlyCount "36"]
[EventDate "2011.09.25"]
[EventType "team-tourn"]
[EventRounds "9"]
[EventCountry "GER"]
[SourceTitle "EXT 2013"]
[Source "ChessBase"]
[SourceDate "2012.11.22"]
[SourceVersion "1"]
[SourceVersionDate "2012.11.22"]
[SourceQuality "1"]
[WhiteTeam "Neumarkt"]
[BlackTeam "Herzogenaurach"]
[WhiteTeamCountry "GER"]
[BlackTeamCountry "GER"]

1. d4 d5 2. c4 c6 3. Nc3 dxc4 4. e4 b5 5. a4 b4 6. Na2 e5 7. d5 cxd5 8. exd5 Bb7 9. Bxc4 a5 10. Nf3 Bd6 11. 0-0 Ne7 12. Re1 0-0 13. b3 f6 14. Bb2 Nd7 15. Nc1 Nb6 16. Ne2 Bxd5 17. Bxd5+ Nbxd5 18. Nd2 Nb6 1/2-1/2

[Event "Mittelfranken-chTB2a 0910"]
[Site "Mittelfranken"]
[Date "2010.03.14"]
[Round "8.8"]
[White "Weyer, Gunther"]
[Black "Woydig, Sieghard"]
[Result "1-0"]
[WhiteElo "1547"]
[BlackElo "1640"]
[PlyCount "93"]
[EventDate "2009.10.11"]
[EventType "team-tourn"]
[EventRounds "9"]
[EventCountry "GER"]
[SourceTitle "EXT 2011"]
[Source "ChessBase"]
[SourceDate "2010.11.26"]
[SourceVersion "1"]
[SourceVersionDate "2010.11.26"]
[SourceQuality "1"]
[WhiteTeam "Buechenbach/Roth III"]
[BlackTeam "Herzogenaurach"]
[WhiteTeamCountry "GER"]
[BlackTeamCountry "GER"]

1. d4 d5 2. e3 Nf6 3. c4 e6 4. Nf3 c5 5. Nc3 cxd4 6. Nxd4 Be7 7. cxd5 Nxd5 8. Bb5+ Kf8 9. Bd2 a6 10. Be2 e5 11. Nb3 Bf5 12. 0-0 Nf6 13. f3 Nc6 14. e4 Be6 15. Be3 Qc7 16. Rc1 Rd8 17. Qe1 Bxb3 18. axb3 Qa5 19. Bc4 Nd4 20. Nd5 Qxe1 21. Rfxe1 b5 22. Nxe7 bxc4 23. Bxd4 Kxe7 24. Bc5+ Ke6 25. bxc4 Rc8 26. Ba3 Rhd8 27. Rc2 Rd3 28. c5 Rc6 29. Ree2 Nd7 30. Kf2 g6 31. g3 f5 32. Re3 fxe4 33. Rxe4 Nf6 34. Re3 Rxe3 35. Kxe3 Nd5+ 36. Ke4 Nf6+ 37. Ke3 Nd5+ 38. Kd3 Ne7 39. Rc4 Nf5 40. Rc3 Nd4 41. Ke4 Nb5 42. Rb3 Rc7 43. Rd3 Nd4 44. f4 Nb5 45. fxe5 Nxa3 46. Rxa3 Rxc5 47. Rxa6+ 1-0

[Event "Mittelfranken-chTB2a 0809"]
[Site "Mittelfranken"]
[Date "2008.12.07"]
[Round "3.7"]
[White "Woydig, Sieghard"]
[Black "Quaschner, Manuel"]
[Result "0-1"]
[WhiteElo "1704"]
[BlackElo "1717"]
[PlyCount "46"]
[EventDate "2008.10.12"]
[EventType "team"]
[EventRounds "9"]
[EventCountry "GER"]
[SourceTitle "EXT 2011"]
[Source "ChessBase"]
[SourceDate "2010.11.26"]
[SourceVersion "1"]
[SourceVersionDate "2010.11.26"]
[SourceQuality "1"]
[WhiteTeam "Herzogenaurach"]
[BlackTeam "Grossenseebach II"]
[WhiteTeamCountry "GER"]
[BlackTeamCountry "GER"]

1. e4 c5 2. Nf3 Nc6 3. d4 cxd4 4. Nxd4 g6 5. Bc4 Bg7 6. c3 Nf6 7. Nxc6 bxc6 8. e5 Ne4 9. Qf3 f5 10. exf6 Nxf6 11. Bg5 d5 12. Bb3 0-0 13. Bxf6 Bxf6 14. Qe3 Bh4 15. 0-0 Ba6 16. g3 Bxf1 17. Kxf1 Bf6 18. Qe6+ Kh8 19. Qxc6 d4 20. f4 dxc3 21. Nxc3 Qd3+ 22. Ke1 Rac8 23. Qb5 Bxc3+ 0-1

[Event "Mittelfrankenliga-B2a 0607"]
[Site "Mittelfranken"]
[Date "2007.02.11"]
[Round "6.7"]
[White "Schiller, Angel"]
[Black "Woydig, Sieghard"]
[Result "1/2-1/2"]
[WhiteElo "1785"]
[BlackElo "1765"]
[PlyCount "181"]
[EventDate "2006.10.22"]
[EventType "team-tourn"]
[EventRounds "9"]
[EventCountry "GER"]
[SourceTitle "EXT 2011"]
[Source "ChessBase"]
[SourceDate "2010.11.26"]
[SourceVersion "1"]
[SourceVersionDate "2010.11.26"]
[SourceQuality "1"]
[WhiteTeam "Erlangen BSGW"]
[BlackTeam "Herzogenaurach"]
[WhiteTeamCountry "GER"]
[BlackTeamCountry "GER"]

1. e4 e5 2. Nf3 Nc6 3. Bb5 a6 4. Ba4 d6 5. c3 Nf6 6. d3 Be7 7. 0-0 0-0 8. Nbd2 b5 9. Bc2 Bg4 10. Re1 Qd7 11. Nf1 h6 12. Ng3 Nh5 13. h3 Bxf3 14. Qxf3 Nxg3 15. Qxg3 Kh8 16. Be3 f5 17. exf5 Qxf5 18. Rac1 Qh5 19. d4 Bh4 20. Qg6 Qxg6 21. Bxg6 exd4 22. cxd4 Ne7 23. Be4 d5 24. Bf3 c6 25. Bxh6 gxh6 26. Re6 Kg7 27. Rc3 Ra7 28. g3 Rf6 29. Re2 Rg6 30. Bh5 Rg5 31. Bg4 h5 32. Bf3 Nf5 33. Bg2 Bxg3 34. Rxg3 Rxg3 35. fxg3 Nxg3 36. Rc2 Nf5 37. Rxc6 Nxd4 38. Rd6 Ne2+ 39. Kf2 Nf4 40. Bxd5 Nxh3+ 41. Kg3 Ng5 42. Kh4 Nh7 43. Bb3 Nf6 44. Rb6 Nd7 45. Rd6 Nf6 46. Bd1 a5 47. Bf3 b4 48. Kg5 Ne8 49. Rg6+ Kf8 50. Bxh5 Rc7 51. Ra6 Rc5+ 52. Kh6 Nc7 53. Ra7 Ke7 54. Bd1 Kd6 55. Ba4 Ke5 56. Kg6 Kd4 57. Kf6 Kd3 58. Ke7 Nd5+ 59. Kd6 Kd4 60. Rh7 Nf4 61. Rh1 Rg5 62. Rd1+ Kc4 63. b3+ Kc3 64. Rc1+ Kb2 65. Rf1 Nd3 66. Rf3 Nc5 67. Rf2+ Ka3 68. Bc6 Nd3 69. Rc2 Nb2 70. Bd5 Kxa2 71. Rc5 a4 72. bxa4+ b3 73. a5 Na4 74. Bxb3+ Kxb3 75. Rxg5 Kb4 76. Rg4+ Kxa5 77. Kc6 Nc3 78. Rc4 Na4 79. Rh4 Nc3 80. Kc5 Na4+ 81. Kc4 Nb6+ 82. Kb3 Kb5 83. Rh5+ Kc6 84. Kc3 Nd5+ 85. Kd4 Ne7 86. Kc4 Kd6 87. Kb5 Ke6 88. Kc5 Kf6 89. Rh1 Kf5 90. Kd6 Ng6 91. Rh7 1/2-1/2

[Event "Seebach op 16th"]
[Site "Grossenseebach"]
[Date "2005.05.28"]
[Round "5"]
[White "Zhou, Wile"]
[Black "Woydig, Sieghard"]
[Result "0-1"]
[WhiteElo "1234"]
[BlackElo "1735"]
[PlyCount "54"]
[EventDate "2005.05.26"]
[EventType "swiss"]
[EventRounds "7"]
[EventCountry "GER"]
[SourceTitle "EXT 2018"]
[Source "ChessBase"]
[SourceDate "2017.10.13"]
[SourceVersion "1"]
[SourceVersionDate "2017.10.13"]
[SourceQuality "1"]

1. e4 e5 2. Nf3 Nc6 3. Bc4 Bc5 4. d3 d6 5. h3 h5 6. 0-0 Bg4 7. hxg4 hxg4 8. Ng5 g3 9. Qf3 gxf2+ 10. Rxf2 Bxf2+ 11. Qxf2 Qf6 12. Qxf6 gxf6 13. Bxf7+ Ke7 14. Bxg8 Raxg8 15. Nf3 Rh3 16. Nbd2 Rhg3 17. Nh4 Ke6 18. c3 Rxd3 19. Nhf3 d5 20. exd5+ Rxd5 21. b3 Rd3 22. Bb2 e4 23. Nxe4 Rxf3 24. c4 Ne5 25. Nc5+ Kf7 26. Nxb7 Rfg3 27. Bd4 Nf3+ 0-1

[Event "Seebach op 15th"]
[Site "Grossenseebach"]
[Date "2004.06.17"]
[Round "5"]
[White "Jahnke, Manfred"]
[Black "Woydig, Sieghard"]
[Result "0-1"]
[WhiteElo "1623"]
[BlackElo "1781"]
[PlyCount "98"]
[EventDate "2004.06.17"]
[EventType "swiss"]
[EventRounds "7"]
[EventCountry "GER"]
[SourceTitle "EXT 2018"]
[Source "ChessBase"]
[SourceDate "2017.10.13"]
[SourceVersion "1"]
[SourceVersionDate "2017.10.13"]
[SourceQuality "1"]

1. c4 e5 2. Nc3 Nc6 3. Nf3 f5 4. d3 h6 5. g3 Nf6 6. Bg2 Bc5 7. 0-0 d6 8. e3 Bb6 9. Na4 Ne7 10. Nxb6 axb6 11. b3 g5 12. Bb2 Ng6 13. d4 e4 14. Nd2 g4 15. Qc2 h5 16. Nxe4 fxe4 17. Bxe4 Nxe4 18. Qxe4+ Ne7 19. d5 Bf5 20. Qd4 Rf8 21. f4 c5 22. dxc6 Nxc6 23. Qg7 Qe7 24. Qxe7+ Nxe7 25. Bd4 Ra6 26. b4 Ra4 27. a3 b5 28. cxb5 Bd3 29. Rfe1 Bxb5 30. e4 Bd3 31. e5 d5 32. Bc5 Rh8 33. Bxe7 Kxe7 34. Rec1 Kd7 35. Kf2 h4 36. Rc5 Bc4 37. f5 b6 38. Rxc4 dxc4 39. gxh4 c3 40. Kg3 c2 41. Kxg4 Rc8 42. Rc1 Rxa3 43. Kg5 Rb3 44. e6+ Kd6 45. Kf6 Rxb4 46. h5 Rb1 47. Kf7 Rxc1 48. e7 Re1 49. f6 c1Q 0-1

[Event "Seebach op 15th"]
[Site "Grossenseebach"]
[Date "2004.06.17"]
[Round "1"]
[White "Ksieski, Zbigniew"]
[Black "Woydig, Sieghard"]
[Result "1-0"]
[WhiteElo "2390"]
[BlackElo "1781"]
[PlyCount "67"]
[EventDate "2004.06.17"]
[EventType "swiss"]
[EventRounds "7"]
[EventCountry "GER"]
[SourceTitle "EXT 2018"]
[Source "ChessBase"]
[SourceDate "2017.10.13"]
[SourceVersion "1"]
[SourceVersionDate "2017.10.13"]
[SourceQuality "1"]

1. d4 d5 2. c4 e5 3. dxe5 d4 4. Nf3 Nc6 5. a3 Nge7 6. e3 dxe3 7. Qxd8+ Kxd8 8. Bxe3 Ng6 9. Nc3 Ncxe5 10. 0-0-0+ Bd7 11. Nxe5 Nxe5 12. h3 c6 13. f4 Ng6 14. f5 Ne5 15. Be2 Be7 16. Bf4 f6 17. Ne4 Kc7 18. g4 Rad8 19. c5 Bc8 20. b4 Rxd1+ 21. Rxd1 Rd8 22. Ng5 Rxd1+ 23. Kxd1 Kd7 24. Nxh7 Ke8 25. Kc2 Kf7 26. Bxe5 fxe5 27. Bc4+ Ke8 28. Kd3 Bh4 29. Ke4 Bg3 30. g5 Bf4 31. h4 Bc1 32. h5 Bxa3 33. f6 b5 34. f7+ 1-0